000 00940cam a2200265 a 4500
008
020 _a1853395595 (pbk.)
049 _aMAIN
090 _aSD387.C47
_bRIC
100 1 _aRichards, Michael.
245 1 0 _aStakeholder incentives in participatory forest management :
_ba manual for economic analysis /
_cMichael Richards, Jonathan Davies and Gil Yaron.
260 _aLondon, UK :
_bITDG,
_c2003.
300 _axvii, 238 p. :
_bill. ;
_c25 cm.
500 _aIncludes index.
504 _aIncludes bibliographical references.
650 0 _aForest management
_xCitizen participation
_vHandbooks, manuals, etc.
650 0 _aForest management
_xEconomic aspects
_vHandbooks, manuals, etc.
700 1 _aDavies, Jonathan.
700 1 _aYaron, Gil.
907 _a.b1020281x
_b08-05-13
_c16-05-06
003
005 20230123125445.0
040 _cNUST
942 _cBOOKS
_kSD387.C47
_mRIC
999 _c141834
_d141834